000 00647nam a2200169 a 4500
001 000029117
005 20200930055337.0
008 110413s1967 dr 000 0 spa d
040 _aDO-SdBNP
_bspa
_cBNPHU
100 1 _aSmith, Leon R.
_956019
245 1 0 _aGuía para el uso de productos químicos en el control de enfermedades foliares /
_cLeon R. Smith.
260 _aSantiago de los Caballeros, República Dominicana :
_bDivición de Investigaciones Agrícolas,
_c1967.
300 _a14 p. ;
_c28 cm.
500 _aBoletín no. 6
710 2 _aInstituto Superior de Agricultura
_bDivición de Investigaciones Agrícolas
_956021
049 _aBNPD
999 _c28609
_d28609